[Event "Frankfurt Ch 2005"]
[Site "Ffm-Kalbach, LAZ"]
[Date "2005.05.30"]
[Round "5"]
[White "Ortiz-Rodriguez, Jose"]
[Black "Gößwein, Dorothee"]
[Result "0-1"]
[WhiteElo "1260"]
[BlackElo "1288"]
[PlyCount "110"]
[EventDate "2005.??.??"]

1. e4 c5 2. Nc3 Nc6 3. Nf3 g6 4. Bc4 Bg7 5. Ng5 e6 6. d3 Nge7 7. Qf3 O-O 8. Qh3
h6 9. Nf3 Kh7 10. Ng5+ Kg8 11. Nf3 h5 12. a3 d5 13. Ba2 d4 14. Ne2 b5 15. Ng3
e5 16. Qh4 Bg4 17. Ng5 Kh8 18. Nxf7+ Rxf7 19. Bxf7 Qf8 20. Ba2 Bf6 21. Bg5 Bxg5
22. Qxg5 Qg7 23. O-O Rf8 24. h3 Bd7 25. Bd5 Rf6 26. a4 b4 27. Bc4 Rf8 28. a5
Nc8 29. a6 Nd6 30. Bd5 Nf7 31. Bxf7 Rxf7 32. Ra5 Nxa5 33. Qd8+ Rf8 34. Qxa5 Rc8
35. f4 Kg8 36. fxe5 Qxe5 37. Qa2+ Be6 38. Qa4 Qxg3 39. Rf3 Qe1+ 40. Kh2 Qh4 41.
Rf6 Qxf6 42. Qb5 Qe5+ 43. Kg1 Rf8 44. Qb7 Qf4 45. Qxa7 Qc1+ 46. Kh2 Rf1 47.
Qb8+ Kh7 48. a7 Rh1+ 49. Kg3 Qe3+ 50. Kh4 g5+ 51. Kxh5 Bf7+ 52. Kg4 Rg1 53.
a8=Q Rxg2+ 54. Kf5 Qf3+ 55. Ke5 Qf4# 0-1

[Event "Frankfurt Ch 2005"]
[Site "Ffm-Kalbach, LAZ"]
[Date "2005.05.30"]
[Round "5"]
[White "Schönmann, Bernd"]
[Black "Grunenberg, Sven"]
[Result "0-1"]
[WhiteElo "1230"]
[BlackElo "1428"]
[PlyCount "110"]
[EventDate "2005.??.??"]

1. e4 c5 2. Nc3 Nc6 3. Nf3 d6 4. Be2 Nf6 5. O-O e6 6. d3 Be7 7. Be3 Ng4 8. Qd2
Nb4 9. Ne1 Nxe3 10. Qxe3 O-O 11. a3 Nc6 12. Nf3 Bf6 13. Nd1 Qb6 14. c3 Bd7 15.
Rb1 e5 16. h3 Ne7 17. Nh2 Ng6 18. Bg4 Rad8 19. b4 Qc7 20. c4 h6 21. Nc3 Bg5 22.
Qe2 Nf4 23. Qf3 f5 24. exf5 Bxf5 25. Bxf5 Rxf5 26. g4 Rf7 27. Qg3 a6 28. Rbe1
Rdf8 29. h4 Be7 30. Ne4 cxb4 31. axb4 Qb6 32. c5 dxc5 33. Nf3 Ng6 34. h5 Rxf3
35. Qh2 Nf4 36. Ng3 Nxd3 37. Re2 cxb4 38. Nf5 Bc5 39. Qg2 Rxf2 40. Rfxf2 Nf4
41. Qf3 Nxe2+ 42. Qxe2 Bxf2+ 43. Kg2 Rxf5 44. gxf5 Bd4 45. Qc4+ Kh7 46. Qd3 Qf6
47. Qb1 Qg5+ 48. Kf3 Qxh5+ 49. Kg2 Qe2+ 50. Kh3 Qf3+ 51. Kh2 e4 52. Qxb4 Be5+
53. Kg1 Qxf5 54. Qxb7 e3 55. Qg2 Qf2+ 0-1

[Event "Frankfurt Ch 2005"]
[Site "Ffm-Kalbach, LAZ"]
[Date "2005.05.30"]
[Round "5"]
[White "Krüger, Manfred"]
[Black "Kletzerman, Simon"]
[Result "0-1"]
[WhiteElo "1493"]
[BlackElo "1550"]
[PlyCount "72"]
[EventDate "2005.??.??"]

1. e4 e5 2. Nf3 Nc6 3. Bb5 d6 4. O-O Bd7 5. c3 Nf6 6. Bd3 h5 7. Bc4 Na5 8. Bd3
h4 9. b4 Nc6 10. Ng5 Nh5 11. Nf3 g5 12. Bc4 g4 13. Ne1 f5 14. Qb3 Qf6 15. exf5
Bxf5 16. Bb2 O-O-O 17. Nc2 Nf4 18. Bb5 Be4 19. Ne3 Nxg2 20. Be2 Nxe3 21. fxe3
Bf3 22. Qd1 Rg8 23. Qb3 Bh6 24. Bc4 Rg7 25. Na3 h3 26. Bd5 Qh4 27. Qc4 Qg5 28.
Be6+ Kb8 29. Bd5 Qg6 30. b5 Ne7 31. Be6 d5 32. Bxd5 Rxd5 33. Qb4 Rxd2 34. Rf2
Bxe3 35. Raf1 g3 36. Qh4 gxf2# 0-1

[Event "Frankfurt Ch 2005"]
[Site "Ffm-Kalbach, LAZ"]
[Date "2005.05.30"]
[Round "5"]
[White "Liebert, Monika"]
[Black "Witt, Holger"]
[Result "0-1"]
[WhiteElo "1102"]
[BlackElo "1476"]
[PlyCount "98"]
[EventDate "2005.??.??"]

1. e4 c5 2. Nf3 e6 3. d4 cxd4 4. Nxd4 a6 5. Nc3 Qc7 6. Bd2 Nf6 7. Bd3 b6 8. O-O
Bb7 9. Qf3 d6 10. Rfe1 Nbd7 11. Nde2 Be7 12. Ng3 O-O 13. Bf4 Ne5 14. Bxe5 dxe5
15. a3 Rfd8 16. Rac1 Bxa3 17. bxa3 Qxc3 18. Ra1 Rac8 19. Qe3 Rd6 20. f3 Qc7 21.
Qg5 Rc6 22. Nh5 Nxh5 23. Qxh5 Rc3 24. Re2 Qc5+ 25. Kf1 Rxa3 26. Rc1 Rxd3 27.
Qh4 Rd4 28. Qf2 Rcd8 29. Ree1 Bc6 30. Qe3 Bb5+ 31. Kf2 Rd2+ 32. Kg3 Qxe3 33.
Rxe3 Rd1 34. Re1 Rxe1 35. Rxe1 Rd2 36. c3 Bc4 37. h4 h5 38. Kh2 g6 39. Kg3 b5
40. Ra1 Ra2 41. Rd1 a5 42. Kh2 a4 43. Kg3 Rc2 44. Rd8+ Kg7 45. Rd1 Rxc3 46. Kf2
a3 47. Ke1 a2 48. Kd2 Rd3+ 49. Kc1 Rxd1+ 0-1